| 000 | 00377nam a2200157Ia 4500 | ||
|---|---|---|---|
| 008 | 230524s9999 xx 000 0 und d | ||
| 082 |
_a621.382 _bHUS |
||
| 100 | _aAshfaq Husain | ||
| 245 | 0 | _aElectric Machines | |
| 250 | _a2ND | ||
| 260 |
_aNEW DELHI _bDhanpat Rai & Co _c2006 |
||
| 300 | _aXVI;632 | ||
| 500 | _aQuantity Number: 2 | ||
| 650 | _aElectrical | ||
| 942 | _cBK | ||
| 999 |
_c36633 _d36633 |
||